Billion pound package for housing (Record no. 108675)

MARC details
000 -LEADER
fixed length control field 01889cam a22002295a 4500
001 - CONTROL NUMBER
control field L145025
008 - FIXED-LENGTH DATA ELEMENTS--GENERAL INFORMATION
fixed length control field 080902e20080902xxk f f000 0 eng d
035 ## - SYSTEM CONTROL NUMBER
System control number (Sirsi) u145025
041 0# - LANGUAGE CODE
Language code of text/sound track or separate title eng
050 04 - LIBRARY OF CONGRESS CALL NUMBER
Classification number 306.1 $2 18
110 2# - MAIN ENTRY--CORPORATE NAME
Corporate name or jurisdiction name as entry element United Kingdom
Subordinate unit Department for Communities and Local Government
9 (RLIN) 4939
245 00 - TITLE STATEMENT
Title Billion pound package for housing
Medium [electronic resource]
260 ## - PUBLICATION, DISTRIBUTION, ETC.
Place of publication, distribution, etc. London
Name of publisher, distributor, etc. DCLG
Date of publication, distribution, etc. 2008
505 2# - FORMATTED CONTENTS NOTE
Formatted contents note Context -- HomeBuy Direct -- Bringing forward affordable housing spending -- More support for key regeneration schemes
520 ## - SUMMARY, ETC.
Summary, etc. Ministerial statement announces government plans to help out a housing market suffering the adverse affects of the current economic downturn. States that, while the government is aware that many of the problems currently being faced have been brought about by global economic conditions, it is right for the government to intervene in a national context to try and prevent the continued stagnation of this vital market. Solutions proposed include the introduction of HomeBuy Direct, a new HomeBuy product that will offer equity loans of up to 30% to prospective purchasers; a limited mortgage rescue scheme aimed at supporting some of the most vulnerable people likely to have their homes repossessed (options including shared equity, shared ownership and sales and rent back) and bringing forward government financial support for affordable housing schemes. The government has also pledged increased support for key regeneration schemes.
521 ## - TARGET AUDIENCE NOTE
Target audience note Advanced
590 ## - LOCAL NOTE (RLIN)
Local note KA NTK
651 #4 - SUBJECT ADDED ENTRY--GEOGRAPHIC NAME
Geographic name United Kingdom
Chronological subdivision
690 ## - LOCAL SUBJECT ADDED ENTRY--TOPICAL TERM (OCLC, RLIN)
Topical term or geographic name as entry element PROPERTY-RESIDENTIAL PROPERTY-DOMESTIC RESIDENTIAL PROPERTY-HOUSING
856 40 - ELECTRONIC LOCATION AND ACCESS
Uniform Resource Identifier <a href="https://webarchive.nationalarchives.gov.uk/20100407121844/http://www.communities.gov.uk/housing/strategiesandreviews/housingpackage/">https://webarchive.nationalarchives.gov.uk/20100407121844/http://www.communities.gov.uk/housing/strategiesandreviews/housingpackage/</a>
Public note View the item free of charge online at www.communities.gov.uk
942 ## - ADDED ENTRY ELEMENTS (KOHA)
Suppress in OPAC 0
Holdings
Withdrawn status Lost status Source of classification or shelving scheme Damaged status Not for loan Home library Current library Shelving location Date acquired Total Checkouts Full call number Barcode Date last seen Copy number Price effective from Koha item type
    Dewey Decimal Classification     Virtual Virtual Online 02/09/2008   ONLINE PUBLICATION 145025-1001 06/08/2019 1 06/08/2019 Online material